000 01509 a2200181 4500
003 Nust
005 20221011125021.0
020 _a 00638545210
040 _cNust
082 _a540,MIL
100 _a : Miller, Glenn H.,
_999886
245 _aPrinciples of college chemistry /
_cGlenn H. Miller.
260 _aSan Francisco,
_b Canfield Press
_c [1972]
300 _a368
_billus. 27 cm.
505 _aIntroduction (Page-1), Basic Measurements (Page-6), Classifications of Matter (Page-22), Elements and Atoms (Page-29), Fundamental Laws Molecules and Moles (Page-44), Formulas and Chemical Equations (Page-55), How to Write Formulas and Name Compounds (Page-64), Stoichiometry (Page-78), Subatomic Particles and the Nucleus (Page-90), Electrons in Atoms and the Origin Spectra (Page-100), Electronic Structure of Atoms (Page-111), Chemical Bonds (Page-133), Orbital Theory of Bond Formation and the Geometry (Page-145), Gases and The Kinetic Molecular Theory (Page-158), Bounding in Solids (Page-190), Water (Page-197), Solutions (Page-212), Solutions of Electrolytes (Page-227), Oxidaation Reeducation Reactions Batteries (Page-244), Refection Rates and Chemical Equilibrium (Page-258), Radioactivity and Nuclear Reactions (Page-277), Nuclear Energy and the Transurainium Elements (Page-287), Introduction to Organic Chemistry (Page-299), Giant Molecules Polymers (Page-314), Some Important Biologically Active Compounds (Page-329),
650 _aPrinciples of college chemistry
_999887
942 _2ddc
_cBK
999 _c183421
_d183421